[Event "Ste Foy Khalif"]
[Site "Ste Foy CAN"]
[Date "2017.04.17"]
[Round "5"]
[White "Beauchesne, Jonathan"]
[Black "Laflamme, Simon"]
[Result "1/2-1/2"]
[WhiteElo "1840"]
[BlackElo "1823"]
[WhiteFideId "-1"]
[WhiteFideId "-1"]
[PlyCount "54"]
[GameId "2160767908478091"]
[EventDate "2017.03.20"]
[EventType "swiss"]
[EventRounds "5"]
[EventCountry "CAN"]
[SourceTitle "EXT 2022"]
[Source "ChessBase"]
[SourceDate "2021.10.06"]
[SourceVersion "1"]
[SourceVersionDate "2021.10.06"]
[SourceQuality "1"]

1. e4 e6 2. d3 d5 3. Nd2 Nf6 4. Ngf3 c5 5. g3 Nc6 6. Bg2 Be7 7. O-O Qc7 8. c4 dxe4 9. Nxe4 Nxe4 10. dxe4 O-O 11. Qe2 e5 12. h3 Be6 13. Be3 Nd4 14. Qd1 Nxf3+ 15. Qxf3 Bxc4 16. Rfc1 Be6 17. Bxc5 Bxc5 18. b4 Bxf2+ 19. Qxf2 Qe7 20. a3 b6 21. Rc3 Rfc8 22. Rac1 Rxc3 23. Rxc3 Rc8 24. Qc2 Qd7 25. Kh2 f6 26. Bf1 Rxc3 27. Qxc3 Qc8 1/2-1/2

[Event "Ste Foy Khalif"]
[Site "Ste Foy CAN"]
[Date "2017.04.17"]
[Round "5"]
[White "Bluteau, Yvon"]
[Black "Leblanc-Legault, Mathieu"]
[Result "1-0"]
[WhiteElo "1904"]
[BlackElo "1693"]
[WhiteFideId "-1"]
[WhiteFideId "-1"]
[PlyCount "127"]
[GameId "2160767908478092"]
[EventDate "2017.03.20"]
[EventType "swiss"]
[EventRounds "5"]
[EventCountry "CAN"]
[SourceTitle "EXT 2022"]
[Source "ChessBase"]
[SourceDate "2021.10.06"]
[SourceVersion "1"]
[SourceVersionDate "2021.10.06"]
[SourceQuality "1"]

1. Nf3 c6 2. b3 d5 3. Bb2 Nf6 4. e3 Bf5 5. d4 e6 6. Nbd2 Bd6 7. Be2 O-O 8. c4 c5 9. O-O Nc6 10. Rc1 Nb4 11. a3 Nd3 12. Bxd3 Bxd3 13. Re1 cxd4 14. c5 Bc7 15. exd4 Bf4 16. Rc3 Bg6 17. b4 Bh5 18. Nf1 Ne4 19. Rb3 b6 20. Bc1 Bxc1 21. Qxc1 Qf6 22. Qe3 Bxf3 23. gxf3 Ng5 24. f4 Ne4 25. Ng3 Qg6 26. Kg2 h5 27. Kh1 Nf6 28. h3 h4 29. Ne2 Qf5 30. Rg1 g6 31. Kh2 Kg7 32. Rb2 Qe4 33. Nc3 Qxe3 34. fxe3 Rfc8 35. Na4 b5 36. Nc3 a6 37. Ra1 Ne4 38. Nxe4 dxe4 39. Rd1 Rd8 40. Kg2 a5 41. bxa5 Rxa5 42. Rb3 Rda8 43. Ra1 Kf6 44. Kf2 Kf5 45. Ke2 f6 46. Kd2 Rg8 47. Rc1 e5 48. fxe5 fxe5 49. d5 Rd8 50. Rf1+ Kg5 51. d6 b4 52. axb4 Ra2+ 53. Kc3 Rh2 54. Kc4 Rxh3 55. Kd5 Rf3 56. Rg1+ Kh6 57. c6 Rf6 58. d7 Kg7 59. b5 h3 60. Rh1 Kf7 61. Rxh3 Ke7 62. Rh7+ Rf7 63. Rxf7+ Kxf7 64. Kd6 1-0

[Event "Ste Foy Khalif"]
[Site "Ste Foy CAN"]
[Date "2017.04.17"]
[Round "5"]
[White "Cossette, Daniel"]
[Black "Bonneau, Daniel"]
[Result "1/2-1/2"]
[WhiteElo "2089"]
[BlackElo "1899"]
[WhiteFideId "-1"]
[WhiteFideId "-1"]
[PlyCount "28"]
[GameId "2160767908478093"]
[EventDate "2017.03.20"]
[EventType "swiss"]
[EventRounds "5"]
[EventCountry "CAN"]
[SourceTitle "EXT 2022"]
[Source "ChessBase"]
[SourceDate "2021.10.06"]
[SourceVersion "1"]
[SourceVersionDate "2021.10.06"]
[SourceQuality "1"]

1. e4 d6 2. d4 Nf6 3. Nc3 g6 4. Nf3 Bg7 5. h3 O-O 6. Be3 c6 7. a4 d5 8. e5 Ne4 9. Nxe4 dxe4 10. Nd2 c5 11. c3 cxd4 12. Bxd4 Nc6 13. Nxe4 Bxe5 14. Bxe5 Nxe5 1/2-1/2

[Event "Ste Foy Millenium"]
[Site "Ste Foy CAN"]
[Date "2017.10.30"]
[Round "1"]
[White "Flor, Gerson"]
[Black "Tremblay-Alix, Eric"]
[Result "0-1"]
[WhiteElo "1408"]
[BlackElo "1851"]
[WhiteFideId "-1"]
[WhiteFideId "-1"]
[PlyCount "70"]
[GameId "2160767908317417"]
[EventDate "2017.10.30"]
[EventType "swiss"]
[EventRounds "5"]
[EventCountry "CAN"]
[SourceTitle "EXT 2022"]
[Source "ChessBase"]
[SourceDate "2021.10.06"]
[SourceVersion "1"]
[SourceVersionDate "2021.10.06"]
[SourceQuality "1"]

1. e4 e5 2. Nf3 Nf6 3. Nxe5 d6 4. Nf3 Nxe4 5. d3 Nf6 6. Qe2+ Be7 7. Bg5 Be6 8. Nc3 O-O 9. Nd4 Qd7 10. Nxe6 fxe6 11. g3 Nc6 12. Bg2 Nd4 13. Qd2 Ng4 14. Be3 Nf3+ 15. Bxf3 Rxf3 16. O-O-O Raf8 17. Rde1 Nxf2 18. Qe2 Nxh1 19. Rxh1 h6 20. Bf4 R3xf4 21. gxf4 Rxf4 22. Re1 Bg5 23. Kd1 e5 24. Ne4 Bh4 25. Rg1 Qf7 26. h3 Qxa2 27. Kd2 Qxb2 28. Rg4 d5 29. Rxf4 exf4 30. Qg4 dxe4 31. Qe6+ Kh7 32. Qxe4+ g6 33. d4 Qb4+ 34. c3 Qb2+ 35. Kd3 Qb1+ 0-1

[Event "Ste Foy Millenium"]
[Site "Ste Foy CAN"]
[Date "2017.10.30"]
[Round "1"]
[White "Leblanc-Legault, Mathieu"]
[Black "Cossette, Daniel"]
[Result "0-1"]
[WhiteElo "1694"]
[BlackElo "2078"]
[WhiteFideId "-1"]
[WhiteFideId "-1"]
[PlyCount "114"]
[GameId "2160767908317418"]
[EventDate "2017.10.30"]
[EventType "swiss"]
[EventRounds "5"]
[EventCountry "CAN"]
[SourceTitle "EXT 2022"]
[Source "ChessBase"]
[SourceDate "2021.10.06"]
[SourceVersion "1"]
[SourceVersionDate "2021.10.06"]
[SourceQuality "1"]

1. d4 d5 2. Nf3 e6 3. e3 Nf6 4. Be2 c5 5. dxc5 Bxc5 6. a3 a6 7. b4 Ba7 8. Bb2 Nc6 9. O-O O-O 10. Nbd2 Qe7 11. c4 dxc4 12. Nxc4 b5 13. Nce5 Nxe5 14. Bxe5 Rd8 15. Qb3 Bb7 16. Rac1 Rac8 17. Qb2 Ne8 18. Rxc8 Rxc8 19. Rc1 Rxc1+ 20. Qxc1 f6 21. Bd4 Bb8 22. Qc5 Qd7 23. Qh5 Qf7 24. Qxf7+ Kxf7 25. Nd2 e5 26. Bc5 Bd5 27. Bf3 Ke6 28. e4 Bb7 29. Bg4+ Kf7 30. Bd1 Nd6 31. f3 Ke6 32. Bb3+ Kd7 33. Kf2 Bc7 34. Ke3 a5 35. Kd3 axb4 36. axb4 f5 37. Bg8 fxe4+ 38. Nxe4 h6 39. Nxd6 Bxd6 40. Bxd6 Kxd6 41. Bh7 Bd5 42. Be4 Bc4+ 43. Ke3 Ke6 44. Bc6 Kd6 45. Be4 Ke6 46. g3 Kd6 47. h4 g5 48. f4 exf4+ 49. gxf4 gxh4 50. Kf2 Be6 51. Kg2 Bd5 52. Bf3 h3+ 53. Kg3 Bxf3 54. Kxf3 Kd5 55. f5 Ke5 56. f6 Kxf6 57. Kg3 Ke5 0-1

[Event "Ste Foy Millenium"]
[Site "Ste Foy CAN"]
[Date "2017.10.30"]
[Round "1"]
[White "Lessard, Claude"]
[Black "Bluteau, Yvon"]
[Result "1/2-1/2"]
[WhiteElo "2118"]
[BlackElo "1767"]
[WhiteFideId "-1"]
[WhiteFideId "-1"]
[PlyCount "43"]
[GameId "2160767908317419"]
[EventDate "2017.10.30"]
[EventType "swiss"]
[EventRounds "5"]
[EventCountry "CAN"]
[SourceTitle "EXT 2022"]
[Source "ChessBase"]
[SourceDate "2021.10.06"]
[SourceVersion "1"]
[SourceVersionDate "2021.10.06"]
[SourceQuality "1"]

1. d4 d5 2. Nf3 Nf6 3. e3 g6 4. Bd3 Bg7 5. O-O O-O 6. Nbd2 Nc6 7. c3 Re8 8. Ne5 Nxe5 9. dxe5 Ng4 10. Nf3 Nxe5 11. Nxe5 Bxe5 12. e4 dxe4 13. Bxe4 Qxd1 14. Rxd1 c6 15. Be3 Be6 16. a4 a6 17. Bb6 Rac8 18. g3 Bc7 19. Bxc7 Rxc7 20. a5 Rcc8 21. Rd4 Red8 22. Rb4 1/2-1/2

[Event "Ste Foy Millenium"]
[Site "Ste Foy CAN"]
[Date "2017.11.06"]
[Round "2"]
[White "Beauchesne, Jonathan"]
[Black "Lessard, Claude"]
[Result "0-1"]
[WhiteElo "1810"]
[BlackElo "2118"]
[WhiteFideId "-1"]
[WhiteFideId "-1"]
[PlyCount "74"]
[GameId "2160767908317421"]
[EventDate "2017.10.30"]
[EventType "swiss"]
[EventRounds "5"]
[EventCountry "CAN"]
[SourceTitle "EXT 2022"]
[Source "ChessBase"]
[SourceDate "2021.10.06"]
[SourceVersion "1"]
[SourceVersionDate "2021.10.06"]
[SourceQuality "1"]

1. e4 c6 2. d4 d5 3. e5 c5 4. c3 Nc6 5. Nf3 Bg4 6. Be2 Bxf3 7. Bxf3 cxd4 8. cxd4 e6 9. O-O Qb6 10. Nc3 Qxd4 11. Qxd4 Nxd4 12. Bd1 O-O-O 13. Bd2 Nc6 14. Rc1 Kb8 15. f4 Nge7 16. a3 h5 17. b4 Nf5 18. Ne2 h4 19. Rf3 g5 20. fxg5 Nxe5 21. Bf4 Bd6 22. Rfc3 Nc4 23. Bxd6+ Ncxd6 24. Rc7 Rhg8 25. g6 Rxg6 26. Nf4 Rgg8 27. Bh5 Rc8 28. R7c5 b6 29. Rc6 Rxc6 30. Rxc6 Rc8 31. Rxc8+ Kxc8 32. Kf2 Kd7 33. g4 hxg3+ 34. hxg3 Ke7 35. Bf3 Nd4 36. Bd1 Ne4+ 37. Kg2 Nc3 0-1

[Event "Ste Foy Millenium"]
[Site "Ste Foy CAN"]
[Date "2017.11.06"]
[Round "2"]
[White "Bluteau, Yvon"]
[Black "Glode, Martin"]
[Result "1-0"]
[WhiteElo "1767"]
[BlackElo "1896"]
[WhiteFideId "-1"]
[WhiteFideId "-1"]
[PlyCount "37"]
[GameId "2160767908317422"]
[EventDate "2017.10.30"]
[EventType "swiss"]
[EventRounds "5"]
[EventCountry "CAN"]
[SourceTitle "EXT 2022"]
[Source "ChessBase"]
[SourceDate "2021.10.06"]
[SourceVersion "1"]
[SourceVersionDate "2021.10.06"]
[SourceQuality "1"]

1. Nf3 d5 2. b3 Bg4 3. Bb2 e6 4. e3 Nf6 5. Be2 Nbd7 6. O-O Bd6 7. d4 O-O 8. Nbd2 c6 9. Ne5 Bxe2 10. Qxe2 Qc7 11. f4 c5 12. c3 Rac8 13. Rf3 Qb6 14. Kh1 Rfd8 15. Rh3 cxd4 16. exd4 g6 17. Qf2 Nxe5 18. fxe5 Bxe5 19. Qh4 1-0

[Event "Ste Foy Millenium"]
[Site "Ste Foy CAN"]
[Date "2017.11.06"]
[Round "2"]
[White "Cossette, Daniel"]
[Black "Potvin, Alain-Nicolas"]
[Result "1-0"]
[WhiteElo "2078"]
[BlackElo "1790"]
[WhiteFideId "-1"]
[WhiteFideId "-1"]
[PlyCount "53"]
[GameId "2160767908317423"]
[EventDate "2017.10.30"]
[EventType "swiss"]
[EventRounds "5"]
[EventCountry "CAN"]
[SourceTitle "EXT 2022"]
[Source "ChessBase"]
[SourceDate "2021.10.06"]
[SourceVersion "1"]
[SourceVersionDate "2021.10.06"]
[SourceQuality "1"]

1. e4 d6 2. d4 Nf6 3. Nc3 g6 4. Nf3 Bg7 5. h3 O-O 6. Be3 c6 7. a4 Nbd7 8. Be2 e5 9. dxe5 dxe5 10. Nd2 Qe7 11. Nc4 Re8 12. Qd6 Bf8 13. Qxe7 Bxe7 14. O-O-O Bb4 15. f3 Nb6 16. Bxb6 Bxc3 17. Bd8 Nxe4 18. fxe4 Bd4 19. Bg5 Kg7 20. Nd6 Re6 21. Nxc8 Rxc8 22. Bg4 Rce8 23. Bxe6 Rxe6 24. c3 Bb6 25. Rhe1 h6 26. Bd2 Rf6 27. b4 1-0

[Event "Ste Foy Millenium"]
[Site "Ste Foy CAN"]
[Date "2017.11.13"]
[Round "3"]
[White "Bonneau, Daniel"]
[Black "Bluteau, Yvon"]
[Result "1-0"]
[WhiteElo "2020"]
[BlackElo "1767"]
[WhiteFideId "-1"]
[WhiteFideId "-1"]
[PlyCount "75"]
[GameId "2160767908317424"]
[EventDate "2017.10.30"]
[EventType "swiss"]
[EventRounds "5"]
[EventCountry "CAN"]
[SourceTitle "EXT 2022"]
[Source "ChessBase"]
[SourceDate "2021.10.06"]
[SourceVersion "1"]
[SourceVersionDate "2021.10.06"]
[SourceQuality "1"]

1. d4 d5 2. c4 c6 3. Nf3 Nf6 4. Nc3 e6 5. e3 Be7 6. Qc2 Nbd7 7. g4 dxc4 8. Bxc4 Nd5 9. a3 Nxc3 10. bxc3 b5 11. Bd3 Qc7 12. Bb2 Nb6 13. Ne5 Bf6 14. f4 Bxe5 15. fxe5 Nc4 16. Qe2 Nxb2 17. Qxb2 Qe7 18. Qg2 O-O 19. Qh3 g6 20. O-O Qg5 21. Qg3 Bd7 22. h4 Qh6 23. g5 Qg7 24. Rf6 Rfc8 25. Raf1 Be8 26. h5 Rc7 27. hxg6 hxg6 28. Qf3 Rd8 29. Bxg6 c5 30. Rf2 cxd4 31. cxd4 Rc1+ 32. Kh2 Bc6 33. e4 fxg6 34. Qh3 Bxe4 35. Qxe6+ Kh8 36. Rf7 Bf5 37. R2xf5 gxf5 38. Rxg7 1-0

[Event "Ste Foy Millenium"]
[Site "Ste Foy CAN"]
[Date "2017.11.13"]
[Round "3"]
[White "Fecteau, Martin"]
[Black "Cossette, Daniel"]
[Result "1/2-1/2"]
[WhiteElo "1984"]
[BlackElo "2078"]
[WhiteFideId "-1"]
[WhiteFideId "-1"]
[PlyCount "68"]
[GameId "2160767908317425"]
[EventDate "2017.10.30"]
[EventType "swiss"]
[EventRounds "5"]
[EventCountry "CAN"]
[SourceTitle "EXT 2022"]
[Source "ChessBase"]
[SourceDate "2021.10.06"]
[SourceVersion "1"]
[SourceVersionDate "2021.10.06"]
[SourceQuality "1"]

1. Nf3 d5 2. d4 e6 3. e3 Nf6 4. Bd3 c5 5. c3 Nc6 6. Nbd2 Bd6 7. O-O O-O 8. dxc5 Bxc5 9. e4 Qc7 10. Qe2 h6 11. Nb3 Bb6 12. exd5 exd5 13. h3 Bd7 14. Be3 Rfe8 15. Bxb6 Qxb6 16. Qd2 Ne5 17. Nxe5 Rxe5 18. Nd4 Rae8 19. Qc2 Ne4 20. Rad1 Qf6 21. Bb5 Bxb5 22. Nxb5 Qb6 23. Nd4 Nf6 24. Rd2 Qa6 25. Nf3 Re2 26. a3 Rxd2 27. Qxd2 Re2 28. Qc1 Qb6 29. b4 Ra2 30. c4 dxc4 31. Ne5 Qd4 32. Qxc4 Qxc4 33. Nxc4 Kf8 34. Re1 b6 1/2-1/2

[Event "Ste Foy Millenium"]
[Site "Ste Foy CAN"]
[Date "2017.11.13"]
[Round "3"]
[White "Picard, Christian"]
[Black "Beauchesne, Jonathan"]
[Result "1-0"]
[WhiteElo "1668"]
[BlackElo "1810"]
[WhiteFideId "-1"]
[WhiteFideId "-1"]
[PlyCount "65"]
[GameId "2160767908317426"]
[EventDate "2017.10.30"]
[EventType "swiss"]
[EventRounds "5"]
[EventCountry "CAN"]
[SourceTitle "EXT 2022"]
[Source "ChessBase"]
[SourceDate "2021.10.06"]
[SourceVersion "1"]
[SourceVersionDate "2021.10.06"]
[SourceQuality "1"]

1. e4 c5 2. c3 d6 3. d4 cxd4 4. cxd4 Nf6 5. Nc3 g6 6. Be3 Bg7 7. Be2 O-O 8. Qd2 Nc6 9. d5 Ne5 10. Bh6 Bxh6 11. Qxh6 Qb6 12. Qd2 Nfg4 13. Nh3 f5 14. O-O fxe4 15. Nxe4 Bf5 16. Ng3 Bd7 17. Ne4 Rac8 18. Nf4 Nc4 19. Bxc4 Rxc4 20. Rae1 Rd4 21. Nd3 Ne5 22. Qh6 Ng4 23. Qh4 Nf6 24. Nxf6+ Rxf6 25. Qg3 Bb5 26. Rxe7 Rxd3 27. Qh4 Rf7 28. Rxf7 Kxf7 29. Qxh7+ Kf6 30. Re1 Kg5 31. h4+ Kf5 32. Qf7+ Kg4 33. Qxg6+ 1-0

[Event "Ste Foy Millenium"]
[Site "Ste Foy CAN"]
[Date "2017.11.13"]
[Round "3"]
[White "Tremblay-Alix, Eric"]
[Black "Lessard, Claude"]
[Result "0-1"]
[WhiteElo "1851"]
[BlackElo "2118"]
[WhiteFideId "-1"]
[WhiteFideId "-1"]
[PlyCount "76"]
[GameId "2160767908317427"]
[EventDate "2017.10.30"]
[EventType "swiss"]
[EventRounds "5"]
[EventCountry "CAN"]
[SourceTitle "EXT 2022"]
[Source "ChessBase"]
[SourceDate "2021.10.06"]
[SourceVersion "1"]
[SourceVersionDate "2021.10.06"]
[SourceQuality "1"]

1. f4 e5 2. fxe5 d6 3. exd6 Bxd6 4. Nf3 Nf6 5. e3 Ng4 6. Qe2 O-O 7. g3 Nc6 8. Nc3 Re8 9. e4 Bc5 10. Bg2 Bf2+ 11. Kf1 Nd4 12. Nxd4 Bxd4 13. Nd1 Nf6 14. d3 Bg4 15. Bf3 Bh3+ 16. Bg2 Bd7 17. Be3 c5 18. c3 Bg4 19. Bf3 Bxf3 20. Qxf3 Bxe3 21. Qxe3 c4 22. Nf2 cxd3 23. Rd1 Qa5 24. Rxd3 Qxa2 25. Qe2 Qe6 26. Re3 Rad8 27. Kg2 Qc6 28. Re1 a5 29. Kg1 Re6 30. Qc2 b5 31. e5 Rde8 32. Nh3 Qc5 33. Nf4 Rxe5 34. Nd3 Rxe3 35. Nxc5 Rxe1+ 36. Kf2 Ng4+ 37. Kf3 h5 38. Nd3 Rf1+ 0-1

[Event "Ste Foy Millenium"]
[Site "Ste Foy CAN"]
[Date "2017.11.20"]
[Round "4"]
[White "Beauchesne, Jonathan"]
[Black "Laprade, Jean Jr"]
[Result "1/2-1/2"]
[WhiteElo "1810"]
[BlackElo "1675"]
[WhiteFideId "-1"]
[WhiteFideId "-1"]
[PlyCount "92"]
[GameId "2160767908317428"]
[EventDate "2017.10.30"]
[EventType "swiss"]
[EventRounds "5"]
[EventCountry "CAN"]
[SourceTitle "EXT 2022"]
[Source "ChessBase"]
[SourceDate "2021.10.06"]
[SourceVersion "1"]
[SourceVersionDate "2021.10.06"]
[SourceQuality "1"]

1. e4 c5 2. Nf3 Nc6 3. d3 e6 4. g3 d6 5. Bg2 Nf6 6. O-O Be7 7. Nbd2 O-O 8. a4 Bd7 9. Nc4 e5 10. Ne3 Re8 11. Nh4 g6 12. Nf3 Qc8 13. c3 Bf8 14. h4 h6 15. Nh2 Bg7 16. Bf3 h5 17. Bg2 a6 18. Nf3 b5 19. Ng5 b4 20. Bd2 a5 21. Nc4 Qc7 22. f4 Bg4 23. Qc2 Re7 24. f5 gxf5 25. exf5 d5 26. Ne3 e4 27. Nxg4 hxg4 28. Bf4 Ne5 29. dxe4 Qb6 30. exd5 c4+ 31. Kh2 Rd8 32. Rfe1 Nxd5 33. Bxe5 Rxe5 34. Rxe5 Bxe5 35. Qe4 Qd6 36. Qxg4 Nf6 37. Qf3 b3 38. Qf2 Qc7 39. Kh3 Rd3 40. Bf3 Qd6 41. Rb1 Rd2 42. Qg1 Rd3 43. Re1 Rd2 44. Rb1 Rd3 45. Re1 Rd2 46. Rb1 Rd3 1/2-1/2

[Event "Ste Foy Millenium"]
[Site "Ste Foy CAN"]
[Date "2017.11.20"]
[Round "4"]
[White "Cossette, Daniel"]
[Black "Bonneau, Daniel"]
[Result "1-0"]
[WhiteElo "2078"]
[BlackElo "2020"]
[WhiteFideId "-1"]
[WhiteFideId "-1"]
[PlyCount "75"]
[GameId "2160767908317429"]
[EventDate "2017.10.30"]
[EventType "swiss"]
[EventRounds "5"]
[EventCountry "CAN"]
[SourceTitle "EXT 2022"]
[Source "ChessBase"]
[SourceDate "2021.10.06"]
[SourceVersion "1"]
[SourceVersionDate "2021.10.06"]
[SourceQuality "1"]

1. e4 d6 2. d4 Nf6 3. Nc3 g6 4. Nf3 Bg7 5. h3 O-O 6. Be3 a6 7. a4 b6 8. e5 Nfd7 9. h4 dxe5 10. h5 exd4 11. Bxd4 e5 12. Be3 Bb7 13. hxg6 hxg6 14. Bc4 e4 15. Ng5 Ne5 16. Qe2 Nxc4 17. Qxc4 Qe7 18. Rd1 c5 19. a5 b5 20. Qxc5 Qxc5 21. Bxc5 Re8 22. Be3 Bf6 23. Nh3 Rd8 24. Nf4 Rxd1+ 25. Kxd1 Nd7 26. Kc1 Ne5 27. Nfd5 Bd8 28. Nb6 Rb8 29. Ncd5 Bxd5 30. Nxd5 Nc6 31. b4 Rb7 32. c3 Rd7 33. Rd1 Kg7 34. Bb6 Bg5+ 35. Kc2 Ne7 36. Nc7 Rxd1 37. Kxd1 Bf6 38. Ne8+ 1-0

[Event "Ste Foy Millenium"]
[Site "Ste Foy CAN"]
[Date "2017.11.27"]
[Round "5"]
[White "Beauchesne, Jonathan"]
[Black "Flor, Gerson"]
[Result "1-0"]
[WhiteElo "1810"]
[BlackElo "1408"]
[WhiteFideId "-1"]
[WhiteFideId "-1"]
[PlyCount "94"]
[GameId "2160767908317430"]
[EventDate "2017.10.30"]
[EventType "swiss"]
[EventRounds "5"]
[EventCountry "CAN"]
[SourceTitle "EXT 2022"]
[Source "ChessBase"]
[SourceDate "2021.10.06"]
[SourceVersion "1"]
[SourceVersionDate "2021.10.06"]
[SourceQuality "1"]

1. e4 d6 2. d4 Nf6 3. Nc3 g6 4. Nf3 Bg7 5. Bc4 O-O 6. O-O Nxe4 7. Nxe4 d5 8. Bxd5 Qxd5 9. Nc3 Qh5 10. h3 Rd8 11. Bf4 Na6 12. a3 c5 13. g4 Qxh3 14. Ng5 Qxg4+ 15. Qxg4 Bxg4 16. d5 Bxc3 17. bxc3 Rxd5 18. Rfe1 Rd7 19. Kg2 Rad8 20. Rab1 Nb8 21. Kg3 Bf5 22. Re2 Nc6 23. Rh1 h5 24. Rhe1 Rd1 25. Ne4 Bxe4 26. Rxe4 Rxe1 27. Rxe1 c4 28. a4 a6 29. Rb1 Rd7 30. Kh4 Kg7 31. Re1 Rd5 32. Rb1 b5 33. axb5 axb5 34. Be3 e5 35. Ra1 Ne7 36. Bg5 Nf5+ 37. Kh3 Rd7 38. Ra6 Nd6 39. Rb6 f6 40. Be3 Kf7 41. Bc5 Ne4 42. Rxb5 Nxc3 43. Rb4 Rc7 44. Rxc4 Nd5 45. Kh4 Nf4 46. Rc3 g5+ 47. Kg3 Ne2+ 1-0

[Event "Ste Foy Millenium"]
[Site "Ste Foy CAN"]
[Date "2017.11.27"]
[Round "5"]
[White "Fecteau, Martin"]
[Black "Bluteau, Yvon"]
[Result "1-0"]
[WhiteElo "1984"]
[BlackElo "1767"]
[WhiteFideId "-1"]
[WhiteFideId "-1"]
[PlyCount "75"]
[GameId "2160767908317431"]
[EventDate "2017.10.30"]
[EventType "swiss"]
[EventRounds "5"]
[EventCountry "CAN"]
[SourceTitle "EXT 2022"]
[Source "ChessBase"]
[SourceDate "2021.10.06"]
[SourceVersion "1"]
[SourceVersionDate "2021.10.06"]
[SourceQuality "1"]

1. Nf3 d5 2. d4 Nf6 3. c4 c6 4. Nbd2 g6 5. g3 Bg7 6. Bg2 O-O 7. O-O Bf5 8. Nh4 Be6 9. c5 Qc8 10. Qb3 Na6 11. Ndf3 h6 12. Ne5 g5 13. Nhf3 Ne4 14. Nd3 Rb8 15. Qa3 Bh3 16. Be3 Bxg2 17. Kxg2 Ra8 18. Rad1 Nc7 19. Qa4 Ne8 20. Nd2 Nxd2 21. Rxd2 Qe6 22. Ne1 Nf6 23. Rd3 Nd7 24. Qd1 f5 25. f3 Qg6 26. Kh1 e5 27. dxe5 Nxe5 28. Rb3 Rf7 29. f4 Nc4 30. Bd4 Re8 31. Ng2 Re4 32. e3 Bxd4 33. exd4 Rfe7 34. fxg5 hxg5 35. Rbf3 Re2 36. R3f2 Rxf2 37. Rxf2 Kg7 38. b3 1-0

[Event "Ste Foy Millenium"]
[Site "Ste Foy CAN"]
[Date "2017.11.27"]
[Round "5"]
[White "Laprade, Jean Jr"]
[Black "Leblanc-Legault, Mathieu"]
[Result "1-0"]
[WhiteElo "1675"]
[BlackElo "1694"]
[WhiteFideId "-1"]
[WhiteFideId "-1"]
[PlyCount "155"]
[GameId "2160767908317432"]
[EventDate "2017.10.30"]
[EventType "swiss"]
[EventRounds "5"]
[EventCountry "CAN"]
[SourceTitle "EXT 2022"]
[Source "ChessBase"]
[SourceDate "2021.10.06"]
[SourceVersion "1"]
[SourceVersionDate "2021.10.06"]
[SourceQuality "1"]

1. e4 d6 2. d4 Nf6 3. Nc3 e5 4. dxe5 dxe5 5. Qxd8+ Kxd8 6. Bc4 Be6 7. Bxe6 fxe6 8. f3 a6 9. Be3 Bd6 10. Na4 Nbd7 11. a3 b5 12. Nc3 Ke7 13. Nge2 Rhd8 14. O-O c5 15. Rfd1 c4 16. Kf2 h6 17. Na2 Rac8 18. Rd2 Bc5 19. Rad1 Bxe3+ 20. Kxe3 Nb8 21. Rxd8 Rxd8 22. Rxd8 Kxd8 23. Nec3 Nc6 24. Nb4 Nxb4 25. axb4 g5 26. g4 Kc7 27. Ne2 Kb6 28. Nc1 a5 29. bxa5+ Kxa5 30. Kd2 Kb4 31. Na2+ Kc5 32. Kc3 Nd7 33. b3 cxb3 34. cxb3 Nb8 35. Nb4 Nd7 36. Nd3+ Kc6 37. Kb4 Kb6 38. h3 Kc6 39. Ka5 Nc5 40. Nxe5+ Kd6 41. Nf7+ Ke7 42. Ne5 Nxb3+ 43. Kxb5 Kf6 44. Nc6 e5 45. Kc4 Nd2+ 46. Kd5 Nxf3 47. Kd6 Ng1 48. Nxe5 Nxh3 49. Nd3 h5 50. e5+ Kf7 51. e6+ Ke8 52. gxh5 g4 53. Ne1 Nf4 54. h6 Ng6 55. h7 Kf8 56. e7+ Ke8 57. Ng2 Nh8 58. Nh4 Nf7+ 59. Ke6 Ng5+ 60. Kd6 Nxh7 61. Nf5 Nf8 62. Ng7+ Kf7 63. e8=Q+ Kxg7 64. Qe5+ Kg8 65. Qg5+ Kf7 66. Qxg4 Ng6 67. Qf5+ Kg7 68. Qg4 Kf6 69. Qd4+ Kg5 70. Qd5+ Kf6 71. Qf3+ Kg5 72. Ke6 Nf4+ 73. Ke5 Ng6+ 74. Ke4 Kh6 75. Qf6 Kh7 76. Kf5 Nh8 77. Qe7+ Kg8 78. Kf6 1-0

[Event "Ste Foy Millenium"]
[Site "Ste Foy CAN"]
[Date "2017.11.27"]
[Round "5"]
[White "Lessard, Claude"]
[Black "Cossette, Daniel"]
[Result "1/2-1/2"]
[WhiteElo "2118"]
[BlackElo "2078"]
[WhiteFideId "-1"]
[WhiteFideId "-1"]
[PlyCount "82"]
[GameId "2160767908317433"]
[EventDate "2017.10.30"]
[EventType "swiss"]
[EventRounds "5"]
[EventCountry "CAN"]
[SourceTitle "EXT 2022"]
[Source "ChessBase"]
[SourceDate "2021.10.06"]
[SourceVersion "1"]
[SourceVersionDate "2021.10.06"]
[SourceQuality "1"]

1. e4 c5 2. Nf3 Nc6 3. d4 cxd4 4. Nxd4 g6 5. c4 Bg7 6. Be3 Nf6 7. Nc3 O-O 8. Be2 b6 9. f3 Bb7 10. O-O Nh5 11. g3 Bh8 12. f4 Ng7 13. Qd2 Ne6 14. Nxc6 dxc6 15. Rad1 Qxd2 16. Rxd2 Rfd8 17. Rfd1 Rxd2 18. Rxd2 Rd8 19. Rxd8+ Nxd8 20. c5 Bxc3 21. bxc3 b5 22. Kf2 Bc8 23. g4 Be6 24. a3 a6 25. Bf3 Nb7 26. e5 Na5 27. Kg3 Kf8 28. h4 Ke8 29. h5 Bd5 30. Bd1 Nc4 31. Bc1 Be4 32. Bb3 Bd3 33. Bxc4 Bxc4 34. hxg6 fxg6 35. f5 gxf5 36. gxf5 Bd3 37. Kg4 h5+ 38. Kxh5 Bxf5 39. Kg5 Bc2 40. e6 Kf8 41. Bf4 Be4 1/2-1/2

[Event "Ste Foy Millenium"]
[Site "Ste Foy CAN"]
[Date "2017.11.27"]
[Round "5"]
[White "Tremblay-Alix, Eric"]
[Black "Picard, Christian"]
[Result "1-0"]
[WhiteElo "1851"]
[BlackElo "1668"]
[WhiteFideId "-1"]
[WhiteFideId "-1"]
[PlyCount "52"]
[GameId "2160767908317434"]
[EventDate "2017.10.30"]
[EventType "swiss"]
[EventRounds "5"]
[EventCountry "CAN"]
[SourceTitle "EXT 2022"]
[Source "ChessBase"]
[SourceDate "2021.10.06"]
[SourceVersion "1"]
[SourceVersionDate "2021.10.06"]
[SourceQuality "1"]

1. Nf3 f5 2. c4 Nf6 3. Nc3 e6 4. Qc2 Be7 5. e4 fxe4 6. Nxe4 Nxe4 7. Qxe4 O-O 8. Bd3 Rf5 9. Qg4 Nc6 10. Bxf5 exf5 11. Qxf5 d6 12. Qd5+ Kh8 13. a3 Qe8 14. O-O Qg6 15. Re1 Bg4 16. d3 Rf8 17. Kh1 Rf5 18. Re6 Rxd5 19. Rxg6 Rxd3 20. Rxg4 Rd1+ 21. Ng1 Ne5 22. Re4 Nd3 23. Be3 Rxa1 24. Rxe7 Kg8 25. g3 Nxb2 26. Bd4 Ra2 1-0